| 000 -CABECERA |
| fixed length control field |
00972nam a22002177a 4500 |
| 003 - IDENTIFICADOR DEL NÚMERO DE CONTROL |
| control field |
AR-CdUCM |
| 008 - DATOS DE LONGITUD FIJA--INFORMACIÓN GENERAL |
| fixed length control field |
190301b ||||| |||| 00| 0 spa d |
| 040 ## - FUENTE DE LA CATALOGACIÓN |
| Agencia/entidad que catalogó originalmente la obra |
MUNICIPALIDAD PROVINCIAL DEL CUSCO |
| Entidad que transcribió la catalogación |
BIBLIOTECA MUNICIPAL DEL CUSCO |
| 082 ## - NÚMERO DE LA CLASIFICACIÓN DECIMAL DEWEY |
| No. de Clasificación |
372.12 / |
| Notacion interna |
L67 |
| 100 ## - ENTRADA PRINCIPAL--NOMBRE DE PERSONA |
| Nombre Personal |
Lindeman, Richard H. |
| 245 ## - MENCIÓN DE TÍTULO |
| Título |
Tratado de medición educacional / |
| 260 ## - PUBLICACIÓN, DISTRIBUCIÓN, ETC. |
| Lugar de publicación, distribución, etc. |
México, D.F : |
| Nombre de la editorial, distribuidor, etc. |
Centro Regional de Ayuda Técnica, Agencia para el Desarrollo Internacional, |
| Fecha de publicación, distribución, etc. |
1971. |
| 300 ## - DESCRIPCIÓN FÍSICA |
| Nº de Páginas Extensión |
222 paginas ; |
| Dimensiones |
20 cm. |
| 505 ## - NOTA DE CONTENIDO CON FORMATO |
| Nota de contenido formateada |
Naturaleza y alcance de la medición educacional -- Estadística básica -- Como evaluar la calidad de un instrumento de medición -- Construcción y análisis de tesis de rendimiento escolar --Otras medidas del progreso del alumno ... |
| 650 ## - PUNTO DE ACCESO ADICIONAL DE MATERIA--TÉRMINO DE MATERIA |
| Descriptor |
Educación |
| 9 (RLIN) |
460 |
| 650 ## - PUNTO DE ACCESO ADICIONAL DE MATERIA--TÉRMINO DE MATERIA |
| Descriptor |
La medición |
| 9 (RLIN) |
7484 |
| 650 ## - PUNTO DE ACCESO ADICIONAL DE MATERIA--TÉRMINO DE MATERIA |
| Descriptor |
Test |
| 9 (RLIN) |
7485 |
| 700 ## - PUNTO DE ACCESO ADICIONAL--NOMBRE DE PERSONA |
| Nombre Personal |
Rissech de Wiñar, Elvira (traductora al castellano) |
| 9 (RLIN) |
7486 |
| 942 ## - ELEMENTOS DE PUNTO DE ACCESO ADICIONAL (KOHA) |
| Fuente de clasificación |
|
| Tipo de item |
Libros-BMC |
| 945 ## - PROCESAMIENTO DE INFORMACIÓN LOCAL (OCLC) |
| Catalogador |
rum |
| AAAA-MM-DD - Fecha de ingreso o modificacion |
2019-03-01 |